Me! : (Record no. 374)

MARC details
000 -LEADER
fixed length control field 01348nam a22003977a 4500
001 - CONTROL NUMBER
control field 374
003 - CONTROL NUMBER IDENTIFIER
control field FISKH
005 - DATE AND TIME OF LATEST TRANSACTION
control field 20250808143632.0
008 - FIXED-LENGTH DATA ELEMENTS--GENERAL INFORMATION
fixed length control field 230330b cb ||||| |||| 00| 0 eng d
010 ## - LIBRARY OF CONGRESS CONTROL NUMBER
LC control number 2011283484
020 ## - INTERNATIONAL STANDARD BOOK NUMBER
International Standard Book Number 9780545116169
035 ## - SYSTEM CONTROL NUMBER
System control number (OCoLC)ocn721422134
040 ## - CATALOGING SOURCE
Original cataloging agency UPZ
Language of cataloging eng
Transcribing agency UPZ
Modifying agency BTCTA
-- OCLCQ
-- WIM
-- EHH
-- PNX
-- FMG
-- OCLCQ
-- IUI
-- BDX
-- LF3
-- IGP
-- DLC
-- FISKH
042 ## - AUTHENTICATION CODE
Authentication code lccopycat
050 00 - LIBRARY OF CONGRESS CALL NUMBER
Classification number PZ7.B447547
Item number Me 2011
082 00 - DEWEY DECIMAL CLASSIFICATION NUMBER
Edition number 23
100 1# - MAIN ENTRY--PERSONAL NAME
Personal name Benton, Jim.
245 10 - TITLE STATEMENT
Title Me! :
Remainder of title (Just like you, only better) /
Statement of responsibility, etc. by Jamie Kelly [i.e. Jim Benton].
260 ## - PUBLICATION, DISTRIBUTION, ETC.
Place of publication, distribution, etc. New York :
Name of publisher, distributor, etc. Scholastic,
Date of publication, distribution, etc. c2011.
300 ## - PHYSICAL DESCRIPTION
Extent 144 p. :
Other physical details ill. ;
Dimensions 20 cm.
490 1# - SERIES STATEMENT
Series statement Dear dumb diary ;
Volume/sequential designation #12
500 ## - GENERAL NOTE
General note "Jim Benton's tales from Mackerel Middle School."
505 ## - FORMATTED CONTENTS NOTE
Formatted contents note Q
520 ## - SUMMARY, ETC.
Summary, etc. Jamie Kelly is back with an all-new diary involving Angeline, her "flawless" friend.
521 0# - TARGET AUDIENCE NOTE
Target audience note 940 <br/>
Source Lexile
521 1# - TARGET AUDIENCE NOTE
Target audience note Q <br/>
Source Raz-Plus
650 #1 - SUBJECT ADDED ENTRY--TOPICAL TERM
Topical term or geographic name entry element Friendship
Form subdivision Fiction.
650 #1 - SUBJECT ADDED ENTRY--TOPICAL TERM
Topical term or geographic name entry element Middle schools
Form subdivision Fiction.
650 #1 - SUBJECT ADDED ENTRY--TOPICAL TERM
Topical term or geographic name entry element Schools
Form subdivision Fiction.
650 #1 - SUBJECT ADDED ENTRY--TOPICAL TERM
Topical term or geographic name entry element Diaries
Form subdivision Fiction.
650 #1 - SUBJECT ADDED ENTRY--TOPICAL TERM
Topical term or geographic name entry element Humorous stories.
800 1# - SERIES ADDED ENTRY--PERSONAL NAME
Personal name Benton, Jim.
Title of a work Dear dumb diary ;
Volume/sequential designation #12.
906 ## - LOCAL DATA ELEMENT F, LDF (RLIN)
a 7
b cbc
c copycat
d 2
e ncip
f 20
g y-gencatlg
942 ## - ADDED ENTRY ELEMENTS (KOHA)
Source of classification or shelving scheme Dewey Decimal Classification
Koha item type Books
Suppress in OPAC No
Holdings
Withdrawn status Lost status Source of classification or shelving scheme Damaged status Not for loan Collection Home library Current library Shelving location Date acquired Total Checkouts Full call number Barcode Date last seen Price effective from Koha item type Copy number
    Dewey Decimal Classification     Fiction Footprints International School Library Network Toul Kork Campus Footprints International School Library Network Toul Kork Campus A TK Campus, Comic Books (All Reading Levels), B401 Bookcase 1/2, Shelf 3 03/30/2023   BEN 813.54 PZ7.B447547 FISTK04933 03/30/2023 03/30/2023 Books  
    Dewey Decimal Classification     Fiction Footprints International School Library Network Toul Tom Poung Campus Footprints International School Library Network Toul Tom Poung Campus TTP Comic Books all Levels 08/08/2025   BEN 813.54 PZ7.B447547 FIS05520 08/08/2025 08/08/2025 Books 2